00461 aa a2200157 4500008004100000010001400041020001500055020001600070035001300086082001600099100001600115245005100131260009400182260000900276300001800285081021t xxu||||| |||| 00| 0 eng d aENG-84525 a8179101592 c525.00 (hb) aEN-68058 a305.4091724 aIyer, Padma aWomen in developing countries /cby Padma Iyer aJaipurbAavishkar Publisherse807, Vyas Building, Chaura Rasta, Jaipur-302003dPh 2578159 c2006 avi,216pc22cm